| 000 | 00561pam a2200169 a 4500 | ||
|---|---|---|---|
| 005 | 20250901165332.0 | ||
| 008 | 831003s1985 nyua b 001 0 eng | ||
| 010 | _a 83021698 | ||
| 020 | _a0442246595 | ||
| 050 | 0 | 0 |
_aTK6421 _b.K45 1985 |
| 082 | 0 | 0 |
_a621.385 _219 |
| 100 | 1 |
_aKeiser, Bernhard, _d1928- |
|
| 245 | 1 | 0 |
_aDigital telephony and network integration / _cBernhard E. Keiser and Eugene Strange. |
| 260 |
_aNew York : _bVan Nostrand Reinhold Co., _cc1985. |
||
| 300 |
_axvii, 451 p. : _bill. ; _c24 cm. |
||
| 942 |
_2lcc _hTK6421 .K45 1984 |
||
| 999 |
_c2327 _d2327 |
||